000 00248nam a2200109Ia 4500
008 190216s9999||||xx |||||||||||||| ||und||
100 _aRajani Paniker
245 0 _aHindi-Senali De
260 _bCambridge Uty Press
650 _aHindi
942 _cBK
999 _c15306
_d15306